| 000 -LEADER |
| fixed length control field |
01006nam a22002537a 4500 |
| 005 - DATE AND TIME OF LATEST TRANSACTION |
| control field |
20260130103036.0 |
| 008 - FIXED-LENGTH DATA ELEMENTS--GENERAL INFORMATION |
| fixed length control field |
260130b ||||| |||| 00| 0 eng d |
| 020 ## - INTERNATIONAL STANDARD BOOK NUMBER |
| International Standard Book Number |
9781786279095 |
| 040 ## - CATALOGING SOURCE |
| Transcribing agency |
KH8 |
| 082 ## - DEWEY DECIMAL CLASSIFICATION NUMBER |
| Classification number |
551.46 |
| 100 ## - MAIN ENTRY--PERSONAL NAME |
| Personal name |
BARR,CATHERINE |
| Relator term |
AUTHOR |
| 245 ## - TITLE STATEMENT |
| Title |
A TURTLE'S VIEW OF THE OCEAN BLUE |
| 260 ## - PUBLICATION, DISTRIBUTION, ETC. |
| Place of publication, distribution, etc. |
Carmelite House, 50 Victoria Embankment,London EC4Y 0DZ |
| Name of publisher, distributor, etc. |
Laurence King Publishing |
| Date of publication, distribution, etc. |
2021 |
| 300 ## - PHYSICAL DESCRIPTION |
| Extent |
62 pages |
| Other physical details |
colour illustration |
| Dimensions |
23 cm x 29 cm |
| 521 ## - TARGET AUDIENCE NOTE |
| Target audience note |
Dive into this stunning guide that explores the underwater world, its wildlife, the challenges it's facing and how you can help to protect it. Join your sea turtle guide as you navigate every inch of our oceans, from the sunlit surface to the deepest, darkest depths.-Library Thing- |
| 650 ## - SUBJECT ADDED ENTRY--TOPICAL TERM |
| Topical term or geographic name entry element |
Juvenile Non Fiction |
| Form subdivision |
Sea Animals |
| 655 ## - INDEX TERM--GENRE/FORM |
| Genre/form data or focus term |
Oceanic |
| 655 ## - INDEX TERM--GENRE/FORM |
| Genre/form data or focus term |
Science |
| 655 ## - INDEX TERM--GENRE/FORM |
| Genre/form data or focus term |
Marine |
| 655 ## - INDEX TERM--GENRE/FORM |
| Genre/form data or focus term |
Nature |
| 655 ## - INDEX TERM--GENRE/FORM |
| Genre/form data or focus term |
Earth Science |
| 700 ## - ADDED ENTRY--PERSONAL NAME |
| Personal name |
Kearney,Brendan |
| Relator term |
illustrator |
| 942 ## - ADDED ENTRY ELEMENTS (KOHA) |
| Source of classification or shelving scheme |
|
| Koha item type |
Books - Non Ficton |